<?xml version="1.0" encoding="UTF-8"?>
<collection xmlns="http://www.loc.gov/MARC21/slim">
 <record>
  <leader>01922nam a22002537a 4500</leader>
  <controlfield tag="001">NCT_4_016392</controlfield>
  <controlfield tag="008">250116b        xxu||||| |||| 00| 0 vie d</controlfield>
  <datafield tag="999" ind1=" " ind2=" ">
   <subfield code="c">8782</subfield>
   <subfield code="d">8782</subfield>
  </datafield>
  <datafield tag="020" ind1=" " ind2=" ">
   <subfield code="a">9786042321044</subfield>
   <subfield code="c">112000</subfield>
  </datafield>
  <datafield tag="082" ind1="0" ind2="4">
   <subfield code="2">23rd ed.</subfield>
   <subfield code="a">006.3</subfield>
   <subfield code="b">R852</subfield>
  </datafield>
  <datafield tag="100" ind1="1" ind2=" ">
   <subfield code="a">Rouhiainen, Lasse</subfield>
  </datafield>
  <datafield tag="245" ind1="1" ind2="0">
   <subfield code="a">AI - Trí tuệ nhân tạo :</subfield>
   <subfield code="b">101 điều cần biết về tương lai</subfield>
   <subfield code="c">Lasse Rouhiainen ; Trang Rose (Dịch)</subfield>
  </datafield>
  <datafield tag="260" ind1=" " ind2=" ">
   <subfield code="a">H.</subfield>
   <subfield code="b">Kim Đồng</subfield>
   <subfield code="c">2024</subfield>
  </datafield>
  <datafield tag="300" ind1=" " ind2=" ">
   <subfield code="a">306 tr.</subfield>
   <subfield code="b">Minh hoạ</subfield>
   <subfield code="c">23 cm</subfield>
  </datafield>
  <datafield tag="520" ind1="3" ind2=" ">
   <subfield code="a">Nội dung sách trình bày tổng quát về trí tuệ nhân tạo (AI) và khám phá cách AI chuyển hoá nhiều ngành nghề như: Thay đổi các phương pháp kinh doanh, thực hiện hội thoại thông qua văn bản hoặc âm thanh, thay đổi thị trường việc làm, thay đổi hệ thống giao thông... và những câu hỏi thường gặp về trí tuệ nhân tạo.</subfield>
  </datafield>
  <datafield tag="653" ind1=" " ind2=" ">
   <subfield code="a">Truyền thông đa phương tiện</subfield>
  </datafield>
  <datafield tag="700" ind1="0" ind2=" ">
   <subfield code="a">Trang Rose</subfield>
   <subfield code="e">Dịch</subfield>
  </datafield>
  <datafield tag="942" ind1=" " ind2=" ">
   <subfield code="2">ddc</subfield>
   <subfield code="c">BK</subfield>
  </datafield>
  <datafield tag="952" ind1=" " ind2=" ">
   <subfield code="0">0</subfield>
   <subfield code="1">0</subfield>
   <subfield code="2">ddc</subfield>
   <subfield code="4">0</subfield>
   <subfield code="6">006_300000000000000_R852</subfield>
   <subfield code="7">0</subfield>
   <subfield code="9">30185</subfield>
   <subfield code="a">000001</subfield>
   <subfield code="b">000001</subfield>
   <subfield code="d">2025-01-18</subfield>
   <subfield code="o">006.3 R852</subfield>
   <subfield code="p">MD.23195</subfield>
   <subfield code="r">2025-01-18</subfield>
   <subfield code="v">112000.00</subfield>
   <subfield code="w">2025-01-18</subfield>
   <subfield code="y">BK</subfield>
  </datafield>
  <datafield tag="952" ind1=" " ind2=" ">
   <subfield code="0">0</subfield>
   <subfield code="1">0</subfield>
   <subfield code="2">ddc</subfield>
   <subfield code="4">0</subfield>
   <subfield code="6">006_300000000000000_R852</subfield>
   <subfield code="7">0</subfield>
   <subfield code="9">30186</subfield>
   <subfield code="a">000001</subfield>
   <subfield code="b">000001</subfield>
   <subfield code="d">2025-01-18</subfield>
   <subfield code="o">006.3 R852</subfield>
   <subfield code="p">MD.23196</subfield>
   <subfield code="r">2025-01-18</subfield>
   <subfield code="v">112000.00</subfield>
   <subfield code="w">2025-01-18</subfield>
   <subfield code="y">BK</subfield>
  </datafield>
  <datafield tag="952" ind1=" " ind2=" ">
   <subfield code="0">0</subfield>
   <subfield code="1">0</subfield>
   <subfield code="2">ddc</subfield>
   <subfield code="4">0</subfield>
   <subfield code="6">006_300000000000000_R852</subfield>
   <subfield code="7">0</subfield>
   <subfield code="9">30187</subfield>
   <subfield code="a">000001</subfield>
   <subfield code="b">000001</subfield>
   <subfield code="d">2025-01-18</subfield>
   <subfield code="o">006.3 R852</subfield>
   <subfield code="p">MD.23197</subfield>
   <subfield code="r">2025-01-18</subfield>
   <subfield code="v">112000.00</subfield>
   <subfield code="w">2025-01-18</subfield>
   <subfield code="y">BK</subfield>
  </datafield>
  <datafield tag="952" ind1=" " ind2=" ">
   <subfield code="0">0</subfield>
   <subfield code="1">0</subfield>
   <subfield code="2">ddc</subfield>
   <subfield code="4">0</subfield>
   <subfield code="6">006_300000000000000_R852</subfield>
   <subfield code="7">0</subfield>
   <subfield code="9">30188</subfield>
   <subfield code="a">000001</subfield>
   <subfield code="b">000001</subfield>
   <subfield code="d">2025-01-18</subfield>
   <subfield code="o">006.3 R852</subfield>
   <subfield code="p">MD.23198</subfield>
   <subfield code="r">2025-01-18</subfield>
   <subfield code="v">112000.00</subfield>
   <subfield code="w">2025-01-18</subfield>
   <subfield code="y">BK</subfield>
  </datafield>
  <datafield tag="952" ind1=" " ind2=" ">
   <subfield code="0">0</subfield>
   <subfield code="1">0</subfield>
   <subfield code="2">ddc</subfield>
   <subfield code="4">0</subfield>
   <subfield code="6">006_300000000000000_R852</subfield>
   <subfield code="7">0</subfield>
   <subfield code="9">30189</subfield>
   <subfield code="a">000001</subfield>
   <subfield code="b">000001</subfield>
   <subfield code="d">2025-01-18</subfield>
   <subfield code="o">006.3 R852</subfield>
   <subfield code="p">MD.23199</subfield>
   <subfield code="r">2025-01-18</subfield>
   <subfield code="v">112000.00</subfield>
   <subfield code="w">2025-01-18</subfield>
   <subfield code="y">BK</subfield>
  </datafield>
  <datafield tag="980" ind1=" " ind2=" ">
   <subfield code="a">Thư viện Trường Đại học Nam Cần Thơ</subfield>
  </datafield>
 </record>
</collection>
